000 00317nam a2200121Ia 4500
008 180117s9999 xx 000 0 und d
100 _aby Cirilo F Bautista
245 _aWhat I'm looking for
260 _c2017
300 _a6-8 pages, 2017 July 2
440 _aPhilippine Panorama
650 _aWHAT I'M LOOKING FOR
999 _c353641
_d353641